Introduction to medical imaging (Record no. 39304)

000 -LEADER
fixed length control field 00626nam a22002177a 4500
001 - CONTROL NUMBER
control field 39304
003 - CONTROL NUMBER IDENTIFIER
control field BD-DhUET
008 - FIXED-LENGTH DATA ELEMENTS--GENERAL INFORMATION
fixed length control field 160816b xxu||||| |||| 00| 0 eng d
020 ## - INTERNATIONAL STANDARD BOOK NUMBER
International Standard Book Number 9780521190657
040 ## - CATALOGING SOURCE
Transcribing agency 0
Modifying agency BD-DhUET
082 ## - DEWEY DECIMAL CLASSIFICATION NUMBER
Classification number 616.0754
Item number SMI/2011
100 ## - MAIN ENTRY--PERSONAL NAME
Personal name Smith, Nadine Barrie
245 ## - TITLE STATEMENT
Title Introduction to medical imaging
Remainder of title physics, engineering and clinical applications
250 ## - EDITION STATEMENT
Edition statement 1st ed.
260 ## - PUBLICATION, DISTRIBUTION, ETC. (IMPRINT)
Place of publication, distribution, etc. Cambridge
Name of publisher, distributor, etc. Cambridge University Press
Date of publication, distribution, etc. 2011
300 ## - PHYSICAL DESCRIPTION
Extent xii,286p.
504 ## - BIBLIOGRAPHY, ETC. NOTE
Bibliography, etc Includes bibliographies
650 #0 - SUBJECT ADDED ENTRY--TOPICAL TERM
Topical term or geographic name as entry element Diagnostic imaging-Digital techniques
700 ## - ADDED ENTRY--PERSONAL NAME
Personal name Webb, Andrew
942 ## - ADDED ENTRY ELEMENTS (KOHA)
Koha item type General Book
Holdings
Koha renewals Koha issues (times borrowed) Koha out on loan Damaged status Lost status Koha date last borrowed Location (home branch) Not for loan Koha full call number Sublocation or collection (holding branch) Piece designation (barcode) Shelving location Withdrawn status Koha normalized classification for sorting Copy number Koha date last seen Date acquired Source of classification or shelving scheme Koha item type Price effective from
222025-11-29  2022-02-26Central Library, BUET 616.0754/SMI/2011Central Library, BUET114673Circulation section 616_075400000000000_SMI_201112022-02-262016-08-16 General Book2016-08-16
      Central Library, BUET 616.0754/SMI/2011Central Library, BUET114674Circulation section 616_075400000000000_SMI_201122016-08-162016-08-16 General Book2016-08-16
 12026-11-29  2025-11-29Central Library, BUET 616.0754/SMI/2011Central Library, BUET120320Circulation section 616_075400000000000_SMI_201132025-11-292025-04-30 General Book2025-07-02
      Central Library, BUET 616.0754/SMI/2011Central Library, BUET120321Circulation section 616_075400000000000_SMI_201142025-07-022025-04-30 General Book2025-07-02
      Central Library, BUET 616.0754/SMI/2011Central Library, BUET120322Circulation section 616_075400000000000_SMI_201152025-07-022025-04-30 General Book2025-07-02